[Event "Montreal Lawson Memorial"]
[Site "Montreal"]
[Date "2002.12.22"]
[Round "4"]
[White "Truong, David"]
[Black "Jorge, Ivan"]
[Result "1/2-1/2"]
[WhiteElo "1152"]
[BlackElo "1108"]
[PlyCount "32"]
[EventDate "2002.12.20"]
[EventType "swiss"]
[EventRounds "4"]
[EventCountry "CAN"]
[SourceTitle "EXT 2006"]
[Source "ChessBase"]
[SourceDate "2005.11.24"]
[SourceVersion "1"]
[SourceVersionDate "2005.11.24"]
[SourceQuality "1"]

1. d4 d5 2. c4 dxc4 3. Nc3 Nf6 4. e3 Bf5 5. Bxc4 a6 6. Qf3 Qc8 7. h3 c6 8. Bb3 h6 9. Na4 Be4 10. Qe2 Nbd7 11. Nf3 Bd5 12. Bd2 Qc7 13. Rc1 e6 14. Bc2 Be4 15. 0-0 Be7 16. Bb3 Bd5 1/2-1/2